000 01147cam a22003013a 4500
001 1042
005 20231123145731.0
020 _a9780590849050
040 _aJED
_cJED
_dSLC
_dDLC
_beng
050 0 0 _aPZ7.D128
082 _a813
100 1 _aDadey, Debbie
245 1 0 _aBigfoot doesn't square dance /
_cby Debbie Dadey and Marcia Thornton Jones ; illustrated by John Steven Gurney.
260 _aNew York :
_bScholastic,
_c1997
300 _a68 pages :
_billustrations ;
_c20 cm
490 1 _aThe adventures of the Bailey School kids ;
_vBook 25
505 _aN
520 _aThe Bailey School kids set out to discover whether Mr. Squash, the hairy, yellow-toothed giant they met while on a nature hike at Rudy Mountain is really Bigfoot.
521 0 _a580
_bLexile
521 1 _aN
_bRaz-Plus
650 0 _aBailey School Kids (Fictitious characters)
_vFiction.
655 7 _aAdventure fiction.
_2gsafd
655 7 _aChildren's stories.
_2lcsh
700 1 _aJones, Marcia Thornton
_ecoauthor
700 1 _aGurney, John Steven
_d1962-
_eillustrator
906 _a7
_bcbc
_ccopycat
_d2
_encip
_f20
_gy-genrareb
942 _2ddc
_cBK
_n0
999 _c1042
_d1042